Human resource Management : (Record no. 346945)

000 -LEADER
fixed length control field 00959 a2200253 4500
003 - CONTROL NUMBER IDENTIFIER
control field OSt
005 - DATE AND TIME OF LATEST TRANSACTION
control field 20180116182833.0
008 - FIXED-LENGTH DATA ELEMENTS--GENERAL INFORMATION
fixed length control field 170403b xxu||||| |||| 00| 0 eng d
020 ## - INTERNATIONAL STANDARD BOOK NUMBER
International Standard Book Number 0072987383 (hardcover)
020 ## - INTERNATIONAL STANDARD BOOK NUMBER
International Standard Book Number 9780072987386 (hardcover)
022 ## - INTERNATIONAL STANDARD SERIAL NUMBER
Source 0
040 ## - CATALOGING SOURCE
Transcribing agency 0
082 04 - DEWEY DECIMAL CLASSIFICATION NUMBER
Classification number 658.3 NEO
100 ## - MAIN ENTRY--PERSONAL NAME
Personal name Noe, Raymond A.
245 10 - TITLE STATEMENT
Title Human resource Management :
Remainder of title gaining a competitive advantage /
Statement of responsibility, etc. Raymond A. Noe.
250 ## - EDITION STATEMENT
Edition statement 5th ed.
260 ## - PUBLICATION, DISTRIBUTION, ETC.
Place of publication, distribution, etc. [S.l.] :
Name of publisher, distributor, etc. McGraw-Hill Companies,
Date of publication, distribution, etc. 2005.
300 ## - PHYSICAL DESCRIPTION
Extent 736 p. ;
Dimensions 26 cm.
440 ## - SERIES STATEMENT/ADDED ENTRY--TITLE
Title Human resource Management :
520 ## - SUMMARY, ETC.
Summary, etc. This text aims to give the student technical background neecessary to be consumers of human resource (HR) products and services, to manage HR effectively, or to be a successful HR professional.
700 1# - ADDED ENTRY--PERSONAL NAME
Personal name Noe, Raymond A.
856 40 - ELECTRONIC LOCATION AND ACCESS
Materials specified Amazon.com
Uniform Resource Identifier <a href="http://www.amazon.com/exec/obidos/ASIN/0072987383/chopaconline-20">http://www.amazon.com/exec/obidos/ASIN/0072987383/chopaconline-20</a>
942 ## - ADDED ENTRY ELEMENTS (KOHA)
Institution code [OBSOLETE] NBS
Koha item type Book
Call number prefix 658.3 HOL
Source of classification or shelving scheme
Holdings
Withdrawn status Lost status Source of classification or shelving scheme Damaged status Not for loan Permanent Location Current Location Date acquired Total Checkouts Full call number Barcode Date last seen Date last checked out Price effective from Koha item type Public note
  Write Off       Central Library (CL) Central Library (CL) 08/28/2013 1 658.3 HOL NBS7322 02/17/2017 06/01/2015 08/28/2013 Book Write off File No.0908/IRC/NBS Dated Aug 16, 2018
© 2023 Central Library, National University of Sciences and Technology. All Rights Reserved.